000 00881nam a2200229 a 4500
008 120416s1981 ||||||||||||||||| || u
020 _a0030581117
050 _aKB 115 How
100 _aHowell, Rate A
245 1 0 _aBusiness law: text and cases. (2nd ed.)
250 _a2nd ed.
260 _aHinsdale, [Ill.]
_bDryden Press
_c1981
300 _axxii, 1075p. : ill.
350 _a0.00
500 _aIncludes indexes.
650 _aLAW
650 _aCOMMERCIAL LAW--UNITED STATES--CASES
700 _aHenley, Nathaniel T
700 _aAllison, John Robert, 1948-
995 _aMAIN LIBRARY OPEN ACCESS
_D0.00
_e708168
_FCBU-MAIN LIBRARY (Kitwe)
_H2
_I16.95
_jKB 115 How
_M2
_UOUT
_y009025
_ZMain Library Open Access Collection
995 _aBINDERY (DAMAGED)
_D0.00
_e708167
_FCBU-MAIN LIBRARY (Kitwe)
_H1
_I16.95
_jKB 115 How
_M1
_UAVAILABLE
_y009024
_ZMain Library Open Access Collection
999 _c77913
_d77913